000 00569nam a22001817a 4500
003 OSt
005 20250625013255.0
008 250625b |||||||| |||| 00| 0 eng d
020 _a 978-621-406-215-7
040 _aDWCL - Main lib
_cOC
082 _aFil. 001.42 R141r 2019
100 _aRagma, Feljone Galima
245 _a Research 1 Qualitative research/
_cFeljone Galima Ragma
260 _aManila :
_b Mindshapers co. ,
_c c2019.
300 _aviii, 170 pages :
_b illustrations ;
_c26cm.
650 _a1. qualitative research
942 _2ddc
_cBK - FIL
_kFil.
_n0
999 _c3256
_d3256